Components quality/reliability Handbook (Record no. 299103)
[ view plain ]
| 000 -LEADER | |
|---|---|
| fixed length control field | 00300 a2200121 4500 |
| 001 - CONTROL NUMBER | |
| control field | 64030 |
| 082 ## - DEWEY DECIMAL CLASSIFICATION NUMBER | |
| Classification number | 620.00452 INT |
| 090 ## - LOCALLY ASSIGNED LC-TYPE CALL NUMBER (OCLC); LOCAL CALL NUMBER (RLIN) | |
| -- | 37825 |
| -- | 37825 |
| 100 ## - MAIN ENTRY--PERSONAL NAME | |
| Personal name | Intel |
| 245 ## - TITLE STATEMENT | |
| Title | Components quality/reliability Handbook |
| Medium | English |
| 260 ## - PUBLICATION, DISTRIBUTION, ETC. | |
| Place of publication, distribution, etc. | Canada |
| Name of publisher, distributor, etc. | Intel corporation |
| Date of publication, distribution, etc. | 1988 |
| 300 ## - PHYSICAL DESCRIPTION | |
| Extent | 230P. |
| 942 ## - ADDED ENTRY ELEMENTS (KOHA) | |
| Institution code [OBSOLETE] | NUST-CAE |
| Call number prefix | 620.00452 INT |
| Withdrawn status | Lost status | Damaged status | Not for loan | Collection code | Permanent Location | Current Location | Date acquired | Total Checkouts | Full call number | Barcode | Date last seen | Price effective from | Koha item type |
|---|---|---|---|---|---|---|---|---|---|---|---|---|---|
| College of Aeronautical Engineering (CAE) | College of Aeronautical Engineering (CAE) | 04/03/2017 | 620.00452 INT | CAEN-107 | 04/05/2017 | 04/05/2017 | Book |
